1935 1732 1367 1596 1527 1912 1199 1605 1189 1506 1428 1503 1715 1229 1871 1196 1385 1435 1348 1070 1493 1309 1872 1386 1914 1826 1108 1050 1397 1334 1342 1073 1459 1479 1540 1682 1531 1727 1906 1463 1004 1161 1618 1936 1491 1283 1801 1559 1865 1066 1587 1439 1740 1521 1278 1464 1273 1396 1838 1907 1602 1160 1545 1662 1759 1816 1478 1464 1420 1863 1970 1981 1954 1134 1708 1118 1231 1712 2000 1186 1103 1103 1255 1799 1552 1373 1989 1765 1730 1732 1942 1747 1129 1949 1833 1887 1136 1517 1557 BCNSPRNW ULIB Ver.6.0+V

เปลี่ยนเป็นภาษาไทย

Change to English
 แสดงรายละเอียดบรรณานุกรม
  กลับหน้าหลัก

Brief Record : Get Marc (ISO 2709) : E-mail record : QR code < ปิดหน้าต่าง
LEADER : 00000nam 2200000uu 4500
001    13399111697
003     ULIB
008    110706s2552||||th 000 0 tha d
020    9786117023019
050 04 BQ7210^bร649ค 2552
100 0  รุ่งอรุณ
245 10 คู่มือสร้างบุญ อุ่นใจตลอดชาติ /^cรุ่งอรุณ
260    กรุงเทพฯ :^bbusy-day,^c2552
300    237 หน้า
650  7 ทำบุญ
945    ^p155^l0^i026491
949    ทศพร
999 ^a ใช้งานได้ทุกระบบ
รายการนี้ยังไม่มีแท็ก
คุณยังไม่ได้ล็อกอิน คุณสามารถมีกิจกรรมร่วมกับเว็บไซต์ได้ แต่ต้องล็อกอินก่อน ::
  ล็อกอิน

รายการสื่อสารสนเทศ

ลำดับที่ ประเภท เลขเรียก/บาร์โค้ด สถานที่ สถานะ
- ไม่พบข้อมูล -

รายการใกล้เคียง
    ผู้แต่ง [รุ่งอรุณ]

    หัวเรื่อง [ทำบุญ]

BibComment


ยังไม่เคยถูกคอมเมนท์

คอมเมนท์ทรัพยากรรายการนี้
  คอมเมนท์: คู่มือสร้างบุญ อุ..


 Copyright 2026. Bcnsprnw @Library